=LDR 00000nam 2200000 4500 =001 INLIS000000000054705 =005 20200220083135 =035 ##$$a 0010-0220000267 =007 ta =008 200220###########################0#ind## =020 ##$$a 978-602-7820-56-2 =082 ##$$a 297.51 =084 ##$$a 297.51 Ira m =245 1#$$a Pembimbing Remaja dengan Cinta : $b Karena Remaja Hari Ini Adalah Pemimpin di Masa Depan /$c Irawati Istadi =300 ##$$a 368 Halaman : $b Ilustrasi ; $c 23 Cm. =650 #4$$a Akhlak =700 #$$a Penyunting: Irin Hidayat =264 ##$$a Yogyakarta :$b Pro-U-Media,$c 2016 =336 ##$$a teks$2 rdacontent =337 ##$$a lain-lain$2 rdamedia =338 ##$$a lain-lain$2 rdacarrier =990 ##$$a 12021202 =990 ##$$a 12021202